000 00466nam a2200181Ia 4500
005 20250325044901.0
008 240331s9999 xx 000 0 und d
020 _a0415903203
082 _a302.234
_bDOA
_23944
100 _aDoane, M. A
245 0 _aFemme Fatales :
_bFeminism, Film Theory, Psychoanalysis
260 _aLondon;
_aNew York,
_bRoutledge
_c1991
300 _aviii, 311 p.,
650 _aWomen
650 _aFeminism
650 _aCinema
942 _cL
999 _c1154
_d1154